000 00583nam a2200193Ia 4500
005 20260114185605.0
008 008 260114s9999 xx 000 0 eng d
020 _a9781350087767
037 _aEBOOK
040 _aCRL
_beng
_cCRL
041 _aeng
_2eng
084 _qCRL
100 _aOsamah Khalil
_9871940
245 0 _aUnited States Relations with China and Iran Toward the Asian Century
260 _bBloomsbury
_c2019
856 _uhttps://doi.org/10.5040/9781350087767?locatt=label:secondary_bloomsburyCollections
942 _cEBOOK
999 _c1470888
_d1470888